000 00267nam a2200109Ia 4500
008 220216s9999 xx 000 0 und d
100 _aSyamala V K
245 0 _aKoodathaikal thayyarakkan oru naveena reethi
260 _bRubber
_c2010
300 _a20-21
942 _cBS
999 _c51983
_d51983